00428 2200157 4500001002100000008004100021035002000062245005500082100002000137260003400157300002300191084001700214082001100231650001600242990001200258INLIS000000000001240 Ind  a0010-1024000371 aRAHASIA ALAM GHAIB & ALAM AKHIRATcImam Abdurrahim aImam Abdurrahim aSurabaya :bAmpel Muliac2003 a149 halamanc21 cm a297.23 IMA r a297.23 aEschatology a0001699